| 000 | 01623nam a2200481 i 4500 | ||
|---|---|---|---|
| 001 | 43297 | ||
| 003 | KOSZ 005 | ||
| 005 | 20230125135624.0 | ||
| 008 | 030731s2003 pl |001 0 pol | ||
| 015 | _aUWD 2003/12290 | ||
| 020 | _a8373342036 | ||
| 035 | _a991021087249705066 | ||
| 035 | _a(PL-WaBN)b15708652-48omnis_nlop | ||
| 035 | _ab15708652 | ||
| 035 | _a(OCoLC)69517798 | ||
| 035 | _azz2003868257 | ||
| 035 | _a(PL)b0000001570865 | ||
| 035 | _a(EXLNZ-48OMNIS_NETWORK)9910468069605606 | ||
| 040 |
_aWA N _cWA N _dKOSZ 005/HR |
||
| 041 | 0 | _apol | |
| 046 | _k2003 | ||
| 080 | _a347.77(438) | ||
| 100 | 1 |
_aNowińska, Ewa _d(1948- ) _eAutor |
|
| 245 | 1 | 0 |
_aPrawo własności przemysłowej : _bprzepisy i omówienie / _cEwa Nowińska, Urszula Promińska, Michał du Vall. |
| 260 |
_aWarszawa : _bWydaw. Prawnicze "LexisNexis", _c2003. |
||
| 300 |
_a441, [3] s. ; _c21 cm. |
||
| 336 |
_aTekst _btxt _2rdacontent |
||
| 337 |
_aBez urządzenia pośredniczącego _bn _2rdamedia |
||
| 338 |
_aWolumin _bnc _2rdacarrier |
||
| 380 | _aKsiążki | ||
| 388 | _a2001- | ||
| 504 | _aBibliogr. Indeks. | ||
| 648 | 7 | _a2001- | |
| 650 | 7 |
_aPrawo własności przemysłowej _2DBN |
|
| 651 | _aPolska | ||
| 658 | _aPrawo i wymiar sprawiedliwości | ||
| 700 | 1 |
_aPromińska, Urszula _eAutor |
|
| 700 | 1 |
_aVall, Michał du _d(1952-2012) _eAutor |
|
| 710 | 2 |
_aWydawnictwo Prawnicze LexisNexis _4pbl |
|
| 856 |
_uhttp://koha.tu.koszalin.pl/cgi-bin/koha/opac-detail.pl?biblionumber=43297 _yKatalog online BPK |
||
| 942 |
_2UKD _cKS |
||
| 999 |
_c43297 _d43297 |
||